| 000 | 00542nam a22002051c 4500 | ||
|---|---|---|---|
| 001 | a987672969 | ||
| 008 | 140814s2004 gw a||| 000u ger d | ||
| 020 |
_a3100860039 _93-10-086003-9 |
||
| 041 | _ager | ||
| 100 | 1 | _aUeberschär, Gerd R. | |
| 245 | 0 | 0 |
_aStauffenberg : _bder 20. Juli 1944 |
| 250 | _a2. Aufl. | ||
| 264 |
_aFrankfurt am Main : _bFischer, _c2004 |
||
| 300 | _a270 S.: Ill., Kt. | ||
| 600 | 0 | _aSchenk von Stauffenberg, Claus | |
| 650 | 0 | _aZwanzigster Juli | |
| 942 | _cMG | ||
| 040 | _cRU-10907106 | ||
| 003 | RU-10907106 | ||
| 999 |
_c36339 _d36339 |
||